header

Ethics and manipulation in advertising (Record no. 660)

MARC details
000 -LEADER
fixed length control field 01285nam a2200325 a 4500
082 04 - DEWEY DECIMAL CLASSIFICATION NUMBER
Classification number 659.1/01/9
100 1# - MAIN ENTRY--AUTHOR NAME
Personal name Phillips, Michael J.
245 10 - TITLE STATEMENT
Title Ethics and manipulation in advertising
260 ## - PUBLICATION, DISTRIBUTION, ETC. (IMPRINT)
Place of publication Westport, Conn. :
Name of publisher Quorum,
Year of publication 1997.
300 ## - PHYSICAL DESCRIPTION
Number of Pages x, 207 p.
650 #0 - SUBJECT ADDED ENTRY--TOPICAL TERM
Topical Term Advertising
Topical Term Advertising
Topical Term Manipulative behavior.
Topical Term Consumer behavior.
856 40 - ELECTRONIC LOCATION AND ACCESS
Uniform Resource Identifier http://site.ebrary.com/lib/rucke/Doc?id=5003895

No items available.

© 2026 Rongo University
Contact us: librarian | system librarian | Rongo university